01091nam a22002177a 4500003000900000008004100009020001800050040007100068082001700139100004300156245006300199260003300262300002900295505034300324650003300667650004000700650002700740650003000767650003400797710004200831AR-CdUCM190415b ||||| |||| 00| 0 spa d a9786124790508 aMUNICIPALIDAD PROVINCIAL DEL CUSCOcBIBLIOTECA MUNICIPAL DEL CUSCO a373/A29bA29 aAgramonte Rosell, Regina de la Caridad aCoordenadas epistemológicas de la educación superior / aLima ;bIntik'anchay,c2018. a126 Páginas. :c20 cm. aContenido: Análisis Espistemológico de la Matriz de consistencia y la operacionalización de variables y su relación con el proyecto de investigación -- Investigación universitaria Artes, Literatura y Ciencias -- Aprendizaje autónomo en contextos universitarios -- Comprensión de textos escritos razones para la polémica. aMétodos de investigación aMetodología de la investigación aDiseño de análisis aFases de la investigacion aInvestigación universitaria aUniversidad Peruana Austral del Cusco